000 00567cam a22002174a 4500
005 20250605164345.0
008 250528s ||||||||||||||||||||||||d
035 _a23827
020 _a139781855394360
040 _aGR-AtMCL
_bgre
_dGR-AtMCL
_eAACR2
245 1 _aFoundations of mathematics
250 _a1
260 _aUk,
_c2013
300 _a136
520 _aAn active approach to number shape and measures in the early years
700 1 _aJudith Dancer
_99342
700 1 _aSkinner Carole
_98754
942 _cBK
999 _c8754
_d8754